Statistics for Cities Destroyed in Independence Day

Click here to take the quiz!

General Stats

  • This quiz has been taken 475 times
  • The average score is 107 of 145

Answers on the Map

Answers color-coded by a green-red scale on the quiz's map according to % correct below.
 

Answer Stats

Answer% Correct
New York City
94%
Los Angeles
92%
Chicago
91%
London
90%
Mexico City
90%
San Francisco
90%
Seattle
90%
Miami
89%
Rio de Janeiro
89%
Washington D.C.
89%
Berlin
88%
Boston
88%
Buenos Aires
88%
Houston
88%
Las Vegas
88%
Moscow
88%
New Delhi
88%
Paris
88%
Rome
88%
Detroit
87%
Havana
87%
Toronto
87%
Amsterdam
86%
Cairo
86%
Dallas
86%
San Diego
86%
Sydney
86%
Tokyo
86%
Beijing
85%
Istanbul
85%
Vancouver
85%
Warsaw
85%
Athens
84%
Brussels
84%
Milan
84%
Mumbai
84%
Philadelphia
84%
Phoenix
84%
St Petersburg
84%
Atlanta
83%
Barcelona
83%
Caracas
83%
Kiev
83%
Montreal
83%
Sao Paulo
83%
Seoul
83%
Shanghai
83%
Stockholm
83%
Vienna
83%
Cape Town
82%
Munich
82%
Perth
82%
Tehran
82%
Baghdad
81%
Budapest
81%
Helsinki
81%
Hong Kong
81%
Jerusalem
81%
Algiers
80%
Ankara
80%
Bucharest
80%
Hamburg
80%
Jakarta
80%
Lagos
80%
Naples
80%
Osaka
80%
Singapore
80%
Venice
80%
Bangkok
79%
Belfast
79%
Liverpool
79%
Prague
79%
Riyadh
79%
Addis Ababa
78%
Beirut
78%
Birmingham
78%
Frankfurt
78%
Ho Chi Minh City
78%
Manila
78%
Marseille
78%
Nairobi
78%
Casablanca
77%
Hanoi
77%
Lyon
77%
Pyongyang
77%
Taipei
77%
El Paso
76%
Islamabad
76%
Kuala Lumpur
76%
Monaco
76%
Rotterdam
76%
Sarajevo
76%
Tripoli
76%
Cleveland
75%
Damascus
75%
Kabul
75%
Kinshasa
75%
Kolkata
75%
St Louis
75%
Belgrade
74%
Tel Aviv
74%
Guangzhou
73%
Mecca
73%
Dakar
72%
Dhaka
72%
Guadalajara
72%
Karachi
72%
Colombo
71%
Kathmandu
71%
Mogadishu
71%
Pittsburgh
69%
Monterrey
66%
Lahore
65%
Odessa
65%
Phnom Penh
65%
Wuhan
65%
Yangon
65%
Bangalore
63%
Busan
63%
Vladivostok
63%
Vientiane
60%
Hyderabad
59%
Sapporo
59%
Antwerp
58%
Macau
58%
Hiroshima
57%
Nagoya
56%
Abidjan
55%
Volgograd
54%
Harbin
50%
Madras
50%
Yokohama
49%
Colorado Springs
45%
Mandalay
45%
Hangzhou
38%
Area 51
36%
Shenyang
35%
Kunming
34%
Medan
34%
Petropavlovsk
29%
Ningbo
26%
Changchun
25%
Qiqihar
19%
Pingxiang
14%
Umbutu
14%

Score Distribution

Percentile by Number Answered

Percent of People with Each Score

Your Score History

You have not taken this quiz